000 00425nam a2200157 i 4500
001 80049
003 ES-MaACL
005 20230906174121.0
007 t|
008 041026s1969 sp ||||1| spa d
100 1 _aHevia Losa, Jacobo.
_963507
245 1 0 _aPara que entiendas la Biblia /
_cJacobo Hevia Losa.
260 _aMadrid :
_bStudium,
_c[1969]
300 _a258 p. ;
_c18 cm.
852 _aES-MaACL
_jC-52250
_bR.68946
999 _c80049
_d80049